书目信息 |
| 题名: |
天涯虚拟社区
|
|
| 作者: | 刘华芹 著 | |
| 分册: | ||
| 出版信息: | 北京 民族出版社 2005.11 |
|
| 页数: | 367页 | |
| 开本: | 21cm | |
| 丛书名: | 中山大学人类学民族学文丛 | |
| 单 册: | ||
| 中图分类: | TP393.4 | |
| 科图分类: | ||
| 主题词: | 因特网--yin te wang--文化社会学--研究 | |
| 电子资源: | ||
| ISBN: | 7-105-07329-2 | |
| 000 | 01504nam 2200301 450 | |
| 001 | 012006609537 | |
| 005 | 20060522113518.29 | |
| 010 | @a7-105-07329-2@dCNY23.00 | |
| 100 | @a20060510d2005 km y0chiy0120 ea | |
| 101 | 0 | @achi |
| 102 | @aCN@b110000 | |
| 105 | @aak z 000yy | |
| 200 | 1 | @a天涯虚拟社区@Atian ya xu ni she qu@e互联网上基于文本的社会互动研究@d= Tianya virtual community@eA research on text-based social interaction in cyberspace@f刘华芹著@Fliu hua qin zhu@zeng |
| 210 | @a北京@c民族出版社@d2005.11 | |
| 215 | @a367页@c图@d21cm | |
| 225 | 2 | @a中山大学人类学民族学文丛@Azhong shan da xue ren lei xue min zu xue wen cong@i都市与乡村实区研究系列 |
| 300 | @a本书为国家"211工程"和"985工程"资助课题成果。 | |
| 314 | @a刘华芹,女,现为南开大学社会学系讲师。2004年毕业于中山大学人类学系,获法学博士学位;1994年至2001年就读于中央民族大学民族学与社会学学院。 | |
| 330 | @a本书是一本研究因特网的书籍。主要内容包括:天涯虚拟社区、聊天室里的闲聊、社区结构、社区公共管理、社区活动、公共决策、网络自我展示等。 | |
| 410 | 0 | @12001 @a中山大学人类学民族学文丛 |
| 410 | 0 | @12001 @a都市与乡村实区研究系列 |
| 510 | 1 | @aTianya virtual community@eResearch on text-based social interaction in cyberspace@zeng |
| 517 | 1 | @a互联网上基于文本的社会互动研究@Ahu lian wang shang ji yu wen ben de she hui hu dong yan jiu |
| 606 | 0 | @a因特网@Ayin te wang@x文化社会学@x研究 |
| 690 | @aTP393.4@v4 | |
| 701 | 0 | @a刘华芹@Aliu hua qin@4著 |
| 801 | 0 | @aCN@bQSSK@c20060522 |
| 905 | @a10447@dTP393.4@eL625 | |
| 天涯虚拟社区:互联网上基于文本的社会互动研究= Tianya virtual community:A research on text-based social interaction in cyberspace/刘华芹著.-北京:民族出版社,2005.11 |
| 367页:图;21cm.-(中山大学人类学民族学文丛.都市与乡村实区研究系列) |
| 本书为国家"211工程"和"985工程"资助课题成果。 |
| ISBN 7-105-07329-2:CNY23.00 |
| 本书是一本研究因特网的书籍。主要内容包括:天涯虚拟社区、聊天室里的闲聊、社区结构、社区公共管理、社区活动、公共决策、网络自我展示等。 |
| ● |
| 相关链接 |
|
|
|
正题名:天涯虚拟社区
索取号:TP393.4/L625
 
预约/预借
| 序号 | 登录号 | 条形码 | 馆藏地/架位号 | 状态 | 备注 |
| 1 | 580397 | 205803978 | 自科二线404/404自科库 15排4列1层/ [索取号:TP393.4/L625] | 在馆 | |
| 2 | 580398 | 205803987 | 期刊室512/301自科库 134排1列2层/ [索取号:TP393.4/L625] | 在馆 | |
| 3 | 580399 | 205803996 | 期刊室512/301自科库 134排1列2层/ [索取号:TP393.4/L625] | 在馆 |